Historie porodnických oddělení v Českých zemích

História prvého zariadenia so starostlivosťou o tehotné ženy, Vlašského špitálu v Prahe. Zemská pôrodnica a sirotinec "U Apolináře", ktorá funguje aj v súčasnosti. Významní lekári pracujúci v prvých pôrodniciach: Hynek Jan Ruth, Antonín Jungmann, Jan Melič, Wilhelm Lange, Jan Streng.

Enregistré dans:
Détails bibliographiques
Auteur principal: Dvořáková, Vlasta
Format: Chapitre de livre
Langue:tchèque
Sujets:
Tags: Ajouter un tag
Pas de tags, Soyez le premier à ajouter un tag!

MARC

LEADER 00000nla a2200000 4500
001 0214770
005 20240417075105.8
041 0 |a cze 
044 |a CZ 
245 1 0 |a Historie porodnických oddělení v Českých zemích  |c Vlasta Dvořáková 
520 |a História prvého zariadenia so starostlivosťou o tehotné ženy, Vlašského špitálu v Prahe. Zemská pôrodnica a sirotinec "U Apolináře", ktorá funguje aj v súčasnosti. Významní lekári pracujúci v prvých pôrodniciach: Hynek Jan Ruth, Antonín Jungmann, Jan Melič, Wilhelm Lange, Jan Streng. 
610 2 0 |a zdravotníctvo 
610 2 0 |a starostlivosť o zdravie 
610 2 0 |a starostlivosť o ženy 
610 2 0 |a deti 
610 2 0 |a ženy 
610 2 0 |a nemocnice 
610 2 0 |a lekári 
610 2 0 |a vzdelávanie 
610 2 0 |a história 
610 2 0 |a Česko 
100 1 |a Dvořáková, Vlasta